00255nam a22000857a 4500008004100000082002400041245007900065260001700144300000800161230626b xxu||||| |||| 00| 0 eng d a337.03676bKAS 2001 aCOMESAbThe Process of Monetary INtegration in Eastern and Southern Africa bCOMESAc2001 a64p